Real Madrid Squad 2019/20 - Statistics

General Stats
  • This quiz has been taken 495 times
  • The average score is 22 of 26
Answer Stats
# Position Name Nationality Date of Birth (Age) % Correct
13 Goalkeeper Thibaut Courtois Belgian May 11, 1992 (27)
98%
10 Central Midfield Luka Modric Croatian Sep 9, 1985 (34)
95%
5 Centre-Back Raphaël Varane French Apr 25, 1993 (26)
94%
4 Centre-Back Sergio Ramos Spanish Mar 30, 1986 (32)
94%
8 Central Midfield Toni Kroos German Jan 4, 1990 (29)
94%
2 Right-Back Daniel Carvajal Spanish Jan 11, 1992 (27)
93%
12 Left-Back Marcelo Brazilian May 12, 1988 (31)
93%
14 Defensive Midfield Casemiro Brazilian Feb 23, 1992 (27)
92%
9 Centre-Forward Karim Benzema French Dec 19, 1987 (31)
90%
11 Right Winger Gareth Bale Welsh Jul 16, 1989 (30)
89%
25 Left Winger Vinícius Júnior Brazilian Jul 12, 2000 (19)
87%
7 Left Winger Eden Hazard Belgian Jan 7, 1991 (28)
86%
23 Left-Back Ferland Mendy French Jun 8, 1995 (24)
86%
22 Attacking Midfield Isco Spanish Apr 21, 1992 (27)
86%
3 Centre-Back Éder Militão Brazilian Jan 18, 1998 (21)
85%
15 Central Midfield Federico Valverde Uruguayan Jul 22, 1998 (21)
85%
16 Attacking Midfield James Rodríguez Colombian Jul 12, 1991 (28)
85%
6 Centre-Back Nacho Fernández Spanish Jan 18, 1990 (29)
85%
27 Left Winger Rodrygo Brazilian Jan 9, 2001 (18)
82%
20 Left Winger Marco Asensio Spanish Jan 21, 1996 (23)
81%
24 Centre-Forward Mariano Díaz Dominican Aug 1, 1993 (26)
76%
18 Centre-Forward Luka Jovic Serbian Dec 23, 1997 (21)
75%
17 Right Winger Lucas Vázquez Spanish Jul 1, 1991 (28)
74%
1 Goalkeeper Alphonse Areola French Feb 27, 1993 (26)
71%
19 Right-Back Álvaro Odriozola Spanish Dec 14, 1995 (23)
53%
21 Attacking Midfield Brahim Díaz Spanish Aug 3, 1999 (20)
45%
No matching quizzes found
Score Distribution
Percent of People with Each Score
Percentile by Number Answered
Your Score History
You have not taken this quiz